Le mystere des Momies the mystery of the Mummies
Στην απέραντη έρημο του Τακλαμακάν, οι αρχαιολόγοι ψάχνουν ίχνη της εγκατάστασης των ανθρώπων. Πέντε μούμιες ηλικίας 2.500 ετών τέλεια διατηρημένες.
Αποθηκεύτηκε σε:
| Συγγραφή απο Οργανισμό/Αρχή: | |
|---|---|
| Μορφή: | |
| Γλώσσα: | French English |
| Δημοσίευση: |
France :
ARTE France Developpement,
c2003.
|
| Σειρά: | L' aventure humaine
|
| Θέματα: | |
| Ετικέτες: |
Προσθήκη ετικέτας
Δεν υπάρχουν, Καταχωρήστε ετικέτα πρώτοι!
|
MARC
| LEADER | 00000cgm a2200000 i 4500 | ||
|---|---|---|---|
| 001 | 1/89757 | ||
| 008 | 051122s2003 xx ||| | || ||fre|| | ||
| 035 | |l 10081406 | ||
| 040 | |a GR-MyUa |b gre |e AACR2 | ||
| 041 | 0 | |a fre |a eng | |
| 082 | 7 | |a 393.3 |2 (22) | |
| 245 | 1 | 3 | |a Le mystere des Momies |h [μαγνητοσκόπηση] = |b the mystery of the Mummies / |c Production coordinators: ARTE France Developpement. |
| 260 | |a France : |b ARTE France Developpement, |c c2003. | ||
| 300 | |a 1 βιντεοδίσκος (130 λεπτ.) : |b ομίλ., έγχρ. ; |c 4/3 ίν. | ||
| 490 | 1 | |a (L' aventure humaine) | |
| 505 | 8 | |a Les momies du Taklamakan / un film ecrtit et realise par Olivier Horn ; dit par Christophe Malavoy. - France: Gedeon Programmes, 2003. - (52 min.) -- Les momies du peuple des nuages / un film realise par Amy Bucher ; dit par Michel Montana. - France: Engel Brothers Inc., 1999. - (52 min.) -- Les momies d' animaux / un film de Serge Tigneres et Alain Zenou ; ecrit par Juliette Gilot et Alexis Barbier-Bouvet. - France: Gedeon Programmes, 1999. - (13 min.) -- Les momies du desert / un film de Serge Tigneres et Alain Zenou ; ecrit par Alain Tixier. - France : Gedeon Programmes, 1999. - 13 (min.) | |
| 508 | |a Γραφικά, Bionik ; μουσική, Greco Casadesus ; επιστημονικός σύμβουλος, Nassera Zaid. | ||
| 520 | 8 | |a Στην απέραντη έρημο του Τακλαμακάν, οι αρχαιολόγοι ψάχνουν ίχνη της εγκατάστασης των ανθρώπων. Πέντε μούμιες ηλικίας 2.500 ετών τέλεια διατηρημένες. | |
| 520 | 8 | |a Το 1997 στο Περού, δύο ταφικές στήλες έφεραν στο φώς μιά εκπληκτική προκολομβιανή πλευρά. Η αρχαιολογική αποστολή αποκάλυψε περισσότερες από 200 ανέγκικτες μούμιες και έναν ανυπολόγιστο αριθμό αντικειμένων. | |
| 520 | 8 | |a Η Salima Kram, από το Μουσείου του Καίρου, μας εξηγεί τις διαδικασίες ταρίχευσεις συγκεκριμένων ζώων της αρχαίας Αιγύπτου. | |
| 520 | 8 | |a Μέσα στην Αιγυπτιακή έρημο ο Francoise Dunant και ο Jean-Louis Heim εντόπισαν μία νεκρόπολη στην οποία βρέθηκε ένας μεγάλος αριθμός από μούμιες. | |
| 650 | 0 | |a Mummies |z Egypt. | |
| 650 | 0 | |a Mummies |z Takla Makan Desert (China) | |
| 650 | 0 | |a Mummies |z Perou. | |
| 650 | 0 | |a Mummified animals |z Egypt. | |
| 710 | 2 | |a ARTE France. | |
| 830 | 0 | |a L' aventure humaine | |
| 852 | |a INST |b SYROS |c AV |e 20051122 |h 393.3 MYS |p 005500005080 |q 005500005080 |t DVD |y 23 | ||
| 901 | |a BIBL5-2004-3 | ||
| 970 | |a Κοντού |b Παρασκευή |z 23/11/2005 | ||